| 000 | 00653nam a2200217Ia 4500 | ||
|---|---|---|---|
| 008 | 191130s1996##################000#0#eng## | ||
| 020 | _a9780077078560 | ||
| 022 | _a95050989 | ||
| 040 |
_aACL _cACL |
||
| 082 | _a174.4 CHR | ||
| 100 | _aChryssides, George D | ||
| 245 |
_aEssentials of business ethics _cGeorge Chryssides and John Kaler |
||
| 260 |
_aNew York _bMcGraw-Hill Book Co _cc1996 |
||
| 300 | _axi, 201 p. ; 25 cm | ||
| 500 | _aIncludes bibliographical references (p. 194-195) and index | ||
| 650 | _aBusiness ethics | ||
| 700 | _aKaler, John H | ||
| 990 | _a25b9acfaac10000c05fa820870b9eeb1 | ||
| 991 | _a278909 | ||
| 999 |
_c176844 _d176844 |
||